Tennis Players with Wins Against the Big 4 in Grand Slam - Statistics

General Stats
  • This quiz has been taken 491 times
    426 since last reset
  • The average score is 21 of 31
Answer Stats
Wins Players % Correct
8 Wawrinka
98%
3 Thiem
95%
2 Čilić
94%
2 Tsonga
94%
2 del Potro
92%
2 Ferrer
90%
2 Nishikori
88%
1 Tsitsipas
87%
2 Dimitrov
86%
1 M Zverev
86%
2 Anderson
85%
3 Berdych
85%
1 Kyrgios
84%
1 Raonic
83%
1 Fognini
79%
2 Verdasco
58%
2 Querrey
57%
1 Gulbis
56%
1 Chung
55%
1 Brown
54%
1 Müller
53%
1 Istomin
51%
1 Bautista Agut
50%
1 Pouille
47%
1 Seppi
47%
1 Cecchinato
45%
1 Rosol
43%
1 Darcis
42%
1 Millman
40%
1 Stakhovsky
37%
1 Robredo
33%
No matching quizzes found
Score Distribution
Percent of People with Each Score
Percentile by Number Answered
Your Score History
You have not taken this quiz since the last reset